000 00645nam a2200265Ia 4500
005 20260121165217.0
008 008 260114s9999 xx 000 0 eng d
020 _a9783319276328
037 _aEBOOK
040 _aCRL
040 _beng
040 _cCRL
041 _2eng
041 _aeng
084 _qCRL
100 _aMichael E. Bakich
_91048877
245 0 _aYour Guide to the 2017 Total Solar Eclipse
260 _bSpringer
260 _bSpringer
260 _c2016
856 _uhttps://link.springer.com/openurl?genre=book&isbn=978-3-319-27632-8
942 _cEBOOK
999 _c1614602
_d1614602